00862nac a22002411u 4500010001300000020002400013082001900037090001500056100003400071245006100105260004600166300003600212440002000248500001400268500003400282504005100316650003000367650005300397650002800450942002100478999001500499952010600514 a92070069 a0961462043 (pbk.) :00a618.175bW3942 c1636d1636 aWeed, Susun S. 10aMenopausal years :bthe wise woman way /cSusun S. Weed. aWoodstock, N.Y. :bAsh Tree Pub.,cc1992. axxiii, 199 p. :bill. ;c22 cm. 0aWise woman ways aDonations aDonations - Dr. Mostafa Gouda aIncludes bibliographical references and index. 0aMenopausexPopular works. 0aMenopausexComplicationsxAlternative treatment. 0aHerbsxTherapeutic use. cBBk618.175W3942 c1636d1636 00104070aMAINbMAINc1STd2006-11-21ePurchasel0o618.175 WEEp000002705r2025-07-15 00:00:00yBB